000 00708nam a2200265Ia 4500
005 20260121165945.0
008 008 260114s9999 xx 000 0 eng d
020 _a9783319258027
037 _aEBOOK
040 _aCRL
040 _beng
040 _cCRL
041 _2eng
041 _aeng
084 _qCRL
100 _aAnnie Hondeghem, Xavier Rousseaux, Fréderic Schoenaers
_91058078
245 0 _aModernisation of the Criminal Justice Chain and the Judicial System
260 _bSpringer
260 _bSpringer
260 _c2016
856 _uhttps://link.springer.com/openurl?genre=book&isbn=978-3-319-25802-7
942 _cEBOOK
999 _c1623807
_d1623807